书目信息 |
| 题名: |
中国运动员生理心理常数和营养状况调查
|
|
| 作者: | 常芸 , 张忠秋 , 陈吉棣 主编 | |
| 分册: | ||
| 出版信息: | 北京 人民体育出版社 2006 |
|
| 页数: | 413页 | |
| 开本: | 26cm | |
| 丛书名: | ||
| 单 册: | ||
| 中图分类: | G804.86 , G804.21 | |
| 科图分类: | ||
| 主题词: | 运动员--心理学--调查报告--中国 , 运动员--营养卫生--调查报告--中国 , 运动员 , 功能(运动生理) , 人体测量(运动医学) , 心理学 , 营养卫生 , 运动员--功能(运动生理)--人体测量(运动医学)--调查报告--中国 | |
| 电子资源: | ||
| ISBN: | 7-5009-2881-5 | |
| 000 | 01283nam0 2200349 450 | |
| 001 | 003174790 | |
| 005 | 20070804111624.00 | |
| 010 | @a7-5009-2881-5@b精装@dCNY53.00 | |
| 100 | @a20060612d2006 em y0chiy0110 ea | |
| 101 | 0 | @achi |
| 102 | @aCN@b110000 | |
| 105 | @ay z 000yy | |
| 200 | 1 | @a中国运动员生理心理常数和营养状况调查@9zhong guo yun dong yuan sheng li xin li chang shu he ying yang zhuang kuang diao cha@f常芸,张忠秋,陈吉棣主编 |
| 210 | @a北京@c人民体育出版社@d2006 | |
| 215 | @a413页@d26cm | |
| 300 | @a国家科技部社会公益类项目 | |
| 330 | @a本调研报告全文分为三篇,包括优秀运动员的生理、心理常数和营养状况,涉及28个运动项目。揭示了我国优秀运动员生理、心理和营养现状,并对相关问题进行了讨论。 | |
| 606 | 0 | @a运动员@x心理学@x调查报告@y中国 |
| 606 | 0 | @a运动员@x营养卫生@x调查报告@y中国 |
| 606 | 0 | @a运动员 |
| 606 | 0 | @a功能(运动生理) |
| 606 | 0 | @a人体测量(运动医学) |
| 606 | 0 | @a心理学 |
| 606 | 0 | @a营养卫生 |
| 606 | 0 | @a运动员@x功能(运动生理)@x人体测量(运动医学)@x调查报告@y中国 |
| 690 | @aG804.86@v4 | |
| 690 | @aG804.21@v4 | |
| 701 | 0 | @a常芸@9chang yun@c(女,@f1957~)@4主编 |
| 701 | 0 | @a张忠秋@9zhang zhong qiu@4主编 |
| 701 | 0 | @a陈吉棣@9chen ji di@c(运动营养学)@4主编 |
| 801 | 0 | @aCN@bNLC@c20070804 |
| 905 | @a10447@dG804.21@e295 | |
| 中国运动员生理心理常数和营养状况调查/常芸,张忠秋,陈吉棣主编.-北京:人民体育出版社,2006 |
| 413页;26cm |
| 国家科技部社会公益类项目 |
| ISBN 7-5009-2881-5(精装):CNY53.00 |
| 本调研报告全文分为三篇,包括优秀运动员的生理、心理常数和营养状况,涉及28个运动项目。揭示了我国优秀运动员生理、心理和营养现状,并对相关问题进行了讨论。 |
| ● |
| 相关链接 |
|
|
|
|
正题名:中国运动员生理心理常数和营养状况调查
索取号:G804.21/295
 
预约/预借
| 序号 | 登录号 | 条形码 | 馆藏地/架位号 | 状态 | 备注 |
| 1 | 0803538 | 208035384 | 第一样本阅览室/ [索取号:G804.21/295] | 在馆 | |
| 2 | 0803539 | 208035393 | 密集书库/ [索取号:G804.21/295] | 在馆 | |
| 3 | 0803540 | 208035400 | 密集书库/ [索取号:G804.21/295] | 在馆 | |
| 4 | 0803541 | 208035419 | 第四借阅区/ [索取号:G804.21/295] | 在馆 | |
| 5 | 0803542 | 208035428 | 密集书库/ [索取号:G804.21/295] | 在馆 | |
| 6 | 0803543 | 208035437 | 第四借阅区/ [索取号:G804.21/295] | 在馆 | |
| 7 | 0803544 | 208035446 | 密集书库/ [索取号:G804.21/295] | 在馆 | |
| 8 | 0803545 | 208035455 | 密集书库/ [索取号:G804.21/295] | 在馆 |